000 007940am a2200265 004500
003 EG-GiCUC
008 070704s2003 fr a g 000 0 fre d
020 _a2842301811
040 _aEG-GiCUC
_bfre
_cEG-GiCUC
043 0 0 _ae-fr---
050 0 0 _aDC801.S77
_bP47 2003
092 0 4 _a944.38353
_bP444
_221
099 _a04
_a944.38353 P444
100 1 _aPerillon, Marie-Christine.
245 1 0 _aStrasbourg l'eurpeenne/
_cMarie-Christine Perillon.
260 _aParis :
_bHoebeke,
_c2003
300 _a159 p. :
_bcol.ill. ;
_c29{u00D7}25cm.
504 _aIncludes bibliographical references (p. 158).
651 0 _aStrasbourg (France)
_xHistory.
830 0 _aCollection Histoire des villes de France.
902 _a1
905 _aEman
_eRev.
905 _aJamal
_eCat
942 _2ddc
_cBK
999 _c103203
_d103203